000 00866nam a2200253Ia 4500
008 160803s9999 xx 000 0 und d
020 _a9780590222952
100 _aCole, Joanna
245 4 _aThe magic school bus gets baked in a cake :
245 _ba book about kitchen chemistry /
260 _aNew York :
260 _bScholastic Inc.
260 _c1995
300 _a1 volume (unpaged) :
300 _bcolor illustrations ;
300 _c21 cm.
440 _aThe Magic school bus.
500 _a"Based on the episode from the animated TV series produced by Scholastic Productions, Inc. Based on the Magic school bus book series written by Joanna Cole and illustrated by Bruce Degen"--Title page verso.
650 _aBaking --
650 _aCake --
650 _xJuvenile literature.
650 _xJuvenile literature.
700 _a510
999 _c299038
_d299038